| 000 | 01561nam0a22003851 4500 | ||
|---|---|---|---|
| 001 | rc\2991417 | ||
| 005 | 20250806211625.0 | ||
| 035 | _a(NLR Aleph) 007135483 | ||
| 090 |
_a67063 _c67063 |
||
| 100 | _a20041125d1942 u y0rusy50 ca | ||
| 101 | 0 | _arus | |
| 102 | _aRU | ||
| 105 | _aa z ||||y | ||
| 135 | _acrmn mmmanaba | ||
| 200 | 1 |
_aПроизводство мальтозной патоки _fН.А. Баканов, В.В. Никитин, А.А. Милютин _gЦентр. н.-и. ин-т крахмало-паточной пром-сти НКПП РСФСР |
|
| 210 |
_a[Москва] _cПищепромиздат _d1942 |
||
| 215 |
_a64 с. _cил. _d17 см |
||
| 325 | _aКопия доступна в Электрон. б-ке РНБ | ||
| 700 | 1 |
_aБаканов _bН.А. _f1893- _gНиколай Алексеевич |
|
| 701 | 1 |
_aНикитин _bВ.В. |
|
| 701 | 1 |
_aМилютин _bА.А. |
|
| 801 | 0 |
_aRU _bNLR _gpsbo |
|
| 801 | 1 |
_aRU _bELAR _2rusmarc |
|
| 852 |
_aNLR _j63-2/2965 |
||
| 856 | 0 | _uhttps://vivaldi.nlr.ru/bx000034903/view | |
| 856 | 1 | _uhttps://vivaldi.nlr.ru/bx000034903/cover | |
| 856 | 2 | _uhttps://vivaldi.nlr.ru/bx000034903/text | |
| 942 | _cBOOK | ||
| 945 | _aРоссийская национальная библиотека | ||
| 980 | _aNB | ||
| 980 | _aBV | ||
| 981 | 2 | 2 |
_a(22) Материалы по истории России _b(22) История промышленности и торговли |